| 000 | 00833nam a2200217 a 4500 | ||
|---|---|---|---|
| 001 | 000040773 | ||
| 005 | 20201002034353.0 | ||
| 008 | 130906s20uu sp 000 0 spa d | ||
| 020 | _a9788492355013 | ||
| 040 |
_aDO-SdBNP _bspa _cBNPHU |
||
| 100 | 1 |
_aPérez-Stable, Marifeli _967181 |
|
| 240 | 1 | 0 |
_aTítol original: The cuban revolution _lespañol |
| 245 | 1 | 3 |
_aLa revolución cubana : _borígenes, desarrollo y legado / _cMarifeli Pérez-Stable ; editor Víctor Batista. |
| 260 |
_a[Madrid] : _bColibrí, _c[200?]. |
||
| 300 |
_a371 p. ; _c23 cm. |
||
| 500 | _aIncluye datos biográficos de la autora en la solapa de la potarda | ||
| 500 | _aIncluye índice | ||
| 504 | _aIncluye referencias bibliográficas y notas al pie de las páginas | ||
| 504 | _aBibliografia: p. 342-363. índex | ||
| 700 | 1 |
_aBatista, Víctor _eed. _948346 |
|
| 999 |
_c40263 _d40263 |
||